000
00303nam a2200109Ia 4500
008
190216s9999||||xx |||||||||||||| ||und||
100
_a
Nihal Chand
245
0
_a
Popular Master Guide To Civil Sucess Preliminary Exam Sociology
260
_b
Ramesh Publishing House
650
_a
References
942
_c
REF
999
_c
35604
_d
35604